[Event "Champions Chess Tour Airthings Masters 2023"]
[Site "Chess.com"]
[Date "2023.02.03"]
[Round "1"]
[White "Gukesh, D."]
[Black "Kramnik, Vladimir"]
[Result "1-0"]
[WhiteElo "2725"]
[BlackElo "2753"]
[EventDate "2023.??.??"]
[Annotator "rafael"]
[PlyCount "97"]
[Beauty "7078395514384"]
[EventType "team-tourn"]

1.d4 Nf6 2.c4 e6 3.Nf3 Bb4+ {The Bogo-Indian Defense is an excellent choice for blitz games and also a great idea when you want to teach a beginner an opening. What could be more natural than developing a piece with check $2} 4.Nbd2 b6 5.g3 ( 5.a3 Bxd2+ 6.Qxd2 {This position is considered the greatest theoretical test for Black and what I imagine would be played in a classic game between the same players. But Gukesh decided not to enter a theoretical battle in a blitz game.} ) 5...Bb7 6.Bg2 O-O 7.O-O Be7 $5 {[%c_effect e7;square;e7;type;Interesting;persistent;true]} ( 7...d5 {Transposes to a position that can also appear in the order of moves of the Catalan Opening.} ) 8.b3 ( 8.Qc2 d5 9.b3 c5 10.Bb2 Nbd7 {was played in Dubov-Carlsen, Mr. Dodgy Online blitz 2022.} ) 8...c5 9.Bb2 cxd4 ( 9...Qc7 {Studying correspondence games is always a good way to discover the best way to play the opening. Here is a recent example of a world championship in this modality.} 10.Re1 cxd4 11.Nxd4 Bxg2 12.Kxg2 Nc6 13.e4 d6 {with normal play in Neto-Dronov, ICCF email W-ch31 2019.} ) 10.Bxd4 ( 10.Nxd4 Bxg2 11.Kxg2 Nc6 {this was played in Carlsen-Karjakin, Shamkir 2014. The game ended in a draw. It should be noted that this position arrived through a different move order.} ) 10...d6 ( 10...Nc6 {is also possible.} ) 11.Qc2 Nbd7 12.Rfd1 Qc7 13.Rac1 Rac8 14.Qb1 Qb8 {This is a typical position for pawn structures that appear in variations such as the Queen's Indian or Bogo-Indian. This is a very comfortable version for Black, as his pieces are well developed and there are good prospects of breaking through on d5 or b5.} 15.h3 h6 16.Ne1 $5 {[%c_effect e1;square;e1;type;Interesting;persistent;true]} ( 16.e4 Qa8 17.Re1 a6 $1 {[%c_effect a6;square;a6;type;GreatFind;persistent;true] Black prepares b6-b5 and has no problems.} ) 16...Nc5 $6 {[%c_effect c5;square;c5;type;Inaccuracy;persistent;true]} ( 16...Bxg2 {is more accurate.} 17.Nxg2 b5 $1 {[%c_effect b5;square;b5;type;GreatFind;persistent;true] By now the reader must have realized that I am a fan of this move. Black has no problems.} ) 17.Bxb7 Qxb7 ( 17...Nxb7 {Considering what White could have done on the next move, this odd move looks better.} ) 18.Ng2 ( 18.Bxf6 $1 {[%c_effect f6;square;f6;type;GreatFind;persistent;true] Taking a tactical chance to weaken Black's position. The pawn capture is forced in order not to lose a pawn and after that there is no question of White's advantage.} 18...gxf6 ( 18...Bxf6 $6 {[%c_effect f6;square;f6;type;Inaccuracy;persistent;true]} 19.b4 Nd7 20.Ne4 {wins the d6-pawn.} ) ) 18...Rfd8 19.Ne3 Nce4 ( 19...b5 {is again possible:} 20.b4 Ncd7 21.a3 {with equal chances.} ) ( 19...d5 {The other break is not bad either.} 20.cxd5 Nxd5 21.Nxd5 Rxd5 22.Nf3 {with an equal position.} ) 20.Ng4 e5 {Kramnik knows much better than I do the problems this move can have, weakening the structure without having the light-squared bishops. What can I say $2 For players of my generation, it's even difficult to comment on Kramnik's games, a player with such a vast knowledge of chess. He and Anand are almost demigods, chess players that we have revered since teenage years.} ( 20...Nxg4 21.Qxe4 Qxe4 22.Nxe4 {leads to a slightly better endgame for White.} ) ( 20...d5 $1 {[%c_effect d5;square;d5;type;GreatFind;persistent;true] seems to be the easiest way to equality.} 21.cxd5 Rxc1 22.Qxc1 Qxd5 ) 21.Bb2 Ng5 ( 21...Nxd2 {is also ok:} 22.Nxf6+ Bxf6 23.Rxd2 b5 $1 {[%c_effect b5;square;b5;type;GreatFind;persistent;true] Hi again $1} 24.cxb5 Rxc1+ 25.Qxc1 Qxb5 {with a likely draw.} ) 22.Nxf6+ Bxf6 23.Qf5 Be7 24.Kh2 $1 {[%c_effect h2;square;h2;type;GreatFind;persistent;true] A necessary move.} ( 24.h4 $4 {[%c_effect h4;square;h4;type;Blunder;persistent;true]} 24...g6 25.Qd3 Nh3+ 26.Kf1 Qh1# {I suspect this is not the best option for White.} ) 24...g6 25.Qd3 d5 26.h4 Nh7 27.cxd5 Rxc1 28.Rxc1 Rxd5 $6 {[%c_effect d5;square;d5;type;Inaccuracy;persistent;true] Black's real problems start now.} ( 28...Qxd5 {is the right way to capture.} 29.Qxd5 Rxd5 30.Nf3 e4 31.Rc8+ Rd8 32.Rxd8+ Bxd8 {with a draw.} ) 29.Qf3 Qd7 30.Nc4 Nf6 $6 {[%c_effect f6;square;f6;type;Inaccuracy;persistent;true]} ( 30...Qe6 {is better.} ) 31.Ne3 $1 {[%c_effect e3;square;e3;type;GreatFind;persistent;true] Now the black rook needs to stay out of play to defend the e5-pawn.} ( 31.Nxe5 $2 {[%c_effect e5;square;e5;type;Mistake;persistent;true]} 31...Rxe5 $1 {[%c_effect e5;square;e5;type;GreatFind;persistent;true]} 32.Bxe5 Ng4+ 33.Kg2 Nxe5 {This was Kramnik's idea.} ) 31...Ra5 ( 31...Rc5 32.Rxc5 bxc5 33.Bxe5 ) 32.a4 ( 32.b4 {That move leads to a win; we'll see something similar later in the game.} 32...Rxa2 33.Bxe5 Qe6 34.Bd4 {White has too many threats, be it invasion with the heavy pieces on the eighth rank or a rook entering c6.} ) 32...h5 33.b4 $1 {[%c_effect b4;square;b4;type;GreatFind;persistent;true] Back on track.} 33...Rxa4 34.Bxe5 Qe6 35.Bb2 $6 {[%c_effect b2;square;b2;type;Inaccuracy;persistent;true] An inaccuracy.} ( 35.Qa8+ Kh7 ( 35...Bf8 36.Bf4 {The bishop can go to h6. White has a winning initiative.} ) 36.f4 {37.Rc8 is coming.} ) 35...Ra2 $6 {[%c_effect a2;square;a2;type;Inaccuracy;persistent;true]} ( 35...Ne4 $1 {[%c_effect e4;square;e4;type;GreatFind;persistent;true] is the most stubborn defense.} ) 36.Rc6 $1 {[%c_effect c6;square;c6;type;GreatFind;persistent;true]} 36...Rxb2 $6 {[%c_effect b2;square;b2;type;Inaccuracy;persistent;true] The final mistake.} ( 36...Qxc6 37.Qxc6 Rxb2 {offers some small drawing chances.} ) 37.Rxe6 fxe6 38.Qb7 {The rest is simple for Gukesh.} 38...Kf8 39.Qxa7 Rxb4 40.Kg2 Bc5 41.Qa2 Re4 42.Nc4 Nd5 43.e3 b5 44.Qa8+ Kg7 45.Qb7+ Be7 46.Qxb5 g5 47.hxg5 Bxg5 48.Nd6 Re5 49.Qb2 1-0

[Event "Champions Chess Tour Airthings Masters 2023"]
[Site "Chess.com"]
[Date "2023.02.06"]
[Round "1"]
[White "Erigaisi, Arjun"]
[Black "Firouzja, Alireza"]
[Result "1-0"]
[WhiteElo "2701"]
[BlackElo "2785"]
[EventDate "2023.??.??"]
[Annotator "rafael"]
[PlyCount "105"]
[Beauty "6808617882679"]
[EventType "team-tourn"]
[TimeControl "600+5"]

1.d4 Nf6 2.Bf4 {This is a modern way of playing the London System. The subtlety of moving the bishop on move 2 is that against 2...g6 White can try 3.Nc3, as Erigaisi has played sometimes.} 2...b6 ( 2...g6 3.Nc3 $5 {[%c_effect c3;square;c3;type;Interesting;persistent;true]} 3...d5 4.e3 Bg7 5.h4 {Erigaisi-Giri, Meltwater Tour (rapid) 2022.} ) 3.e3 Bb7 4.Nd2 d6 5.h3 Nbd7 6.Ngf3 {Erigaisi develops the pieces in the London System's typical way, but in his games, there's no place for boredom. We know that sooner or later, we will have confusion on the board.} 6...g6 7.Be2 Bg7 8.O-O O-O 9.a4 a6 {A typical move to reduce the feat of the a4-a5 advance, which can now be answered with b6-b5.} ( 9...a5 {to stop the white pawn's advance is also possible and has been played a good number of times.} ) 10.c3 ( 10.a5 b5 $1 {[%c_effect b5;square;b5;type;GreatFind;persistent;true]} ) 10...Re8 11.Bh2 e5 {On the board, we have a typical position of the London System—solid and annoying, but not very dangerous from a theoretical point of view.} 12.Nc4 $5 {[%c_effect c4;square;c4;type;Interesting;persistent;true] White has other options:} ( 12.Qb3 ) ( 12.dxe5 dxe5 13.Nc4 Ne4 $1 {[%c_effect e4;square;e4;type;GreatFind;persistent;true] Black is fine here.} ) ( 12.b4 $5 {[%c_effect b4;square;b4;type;Interesting;persistent;true] This might be the best chance of fighting for an advantage, advancing the queenside.} 12...Ne4 13.Nxe4 Bxe4 14.Qb3 Qe7 15.Rfd1 Bb7 16.Rac1 {Kamsky-Demchenko, Moscow 2016.} ) 12...exd4 {This move appears to be a slight positional concession, as it opens up the bishop's diagonal and also the c-file for the white rook.} ( 12...e4 13.Nfd2 d5 $5 {[%c_effect d5;square;d5;type;Interesting;persistent;true]} 14.Ne5 c5 {With equal play.} ) ( 12...Ne4 {is a typical move and also leads to a balanced position.} ) 13.cxd4 a5 {A new move, fixing the queenside pawns.} ( 13...Nd5 {This is the most natural move and gives Black a fine position.} ) ( 13...Ne4 {is also possible.} ) 14.Rc1 Nd5 15.Bxd6 $1 {[%c_effect d6;square;d6;type;GreatFind;persistent;true] As we all knew it would happen, Erigaisi decides to change the character of the position and complicate the game.} 15...cxd6 16.Nxd6 Qb8 ( 16...Re7 {This is a critical move, as the knight has no way back from b7.} 17.Nxb7 Qb8 18.Bb5 $1 {[%c_effect b5;square;b5;type;GreatFind;persistent;true]} 18...Nb4 19.d5 $1 {[%c_effect d5;square;d5;type;GreatFind;persistent;true]} 19...Nf6 ( 19...Qxb7 $2 {[%c_effect b7;square;b7;type;Mistake;persistent;true]} 20.d6 Ree8 21.Rc7 ) 20.d6 $1 {[%c_effect d6;square;d6;type;GreatFind;persistent;true]} ( 20.Bc6 Rxb7 21.Bxb7 Qxb7 {This is good for Black.} ) 20...Rxb7 21.e4 $1 {[%c_effect e4;square;e4;type;GreatFind;persistent;true] with a strong initiative for the piece, as the pawns are very dangerous, for instance:} 21...Nxe4 22.d7 Qf8 23.Re1 Nf6 24.Ne5 ) 17.Nxe8 Qxe8 18.Bb5 {White has a rook and two pawns against a bishop and knight. Positions with material imbalances are difficult to assess. The computer believes the position is equal, but in practice, it's easier to play White.} 18...Rd8 ( 18...Qd8 {is more accurate, leaving the pin straight away.} ) 19.Qb3 ( 19.Re1 $1 {[%c_effect e1;square;e1;type;GreatFind;persistent;true] Preparing e4 right away looks better.} ) 19...h6 $2 {[%c_effect h6;square;h6;type;Mistake;persistent;true] This is too slow, and now White gets the initiative.} ( 19...Qe7 20.Rfe1 N7f6 {with chances for both sides.} ) 20.Rfe1 $1 {[%c_effect e1;square;e1;type;GreatFind;persistent;true]} 20...Rc8 $2 {[%c_effect c8;square;c8;type;Mistake;persistent;true]} ( 20...Qe4 {is better, although the position is very shaky after} 21.Nd2 ) 21.e4 $6 {[%c_effect e4;square;e4;type;Inaccuracy;persistent;true]} ( 21.Rxc8 $1 {[%c_effect c8;square;c8;type;GreatFind;persistent;true]} 21...Qxc8 22.Bc4 $1 {[%c_effect c4;square;c4;type;GreatFind;persistent;true]} 22...N7f6 23.Ne5 {This wins immediately since Black cannot defend the f7-pawn after the move e3-e4.} ) 21...Nf4 22.Qe3 $6 {[%c_effect e3;square;e3;type;Inaccuracy;persistent;true]} ( 22.Rxc8 $1 {[%c_effect c8;square;c8;type;GreatFind;persistent;true] Again, this move is better.} 22...Qxc8 23.Bc4 ) 22...g5 {This sharpens the game even more. Firouzja is a very active player, and he is seeking attacking chances. A more solid option is to withdraw the knight to e6, either now or after exchanging rooks.} ( 22...Ne6 ) ( 22...Rxc1 23.Qxc1 Ne6 ) 23.h4 $1 {[%c_effect h4;square;h4;type;GreatFind;persistent;true] Now the tension builds, and we see the best of both these excellent tactical players.} 23...Rxc1 24.Qxc1 Qe6 $1 {[%c_effect e6;square;e6;type;GreatFind;persistent;true] Heading to g4.} 25.hxg5 Qg4 ( 25...Nxg2 $5 {[%c_effect g2;square;g2;type;Interesting;persistent;true] is a good chance, although White is better after some very precise moves.} 26.Kxg2 Qg4+ 27.Kf1 Qxf3 28.Qe3 $1 {[%c_effect e3;square;e3;type;GreatFind;persistent;true]} ( 28.Bxd7 $2 {[%c_effect d7;square;d7;type;Mistake;persistent;true]} 28...Bxd4 ) 28...Qh1+ 29.Ke2 Qh5+ 30.Kd3 {The white king is surprisingly safe now.} ) 26.g3 Nh3+ 27.Kg2 hxg5 28.Nh2 $1 {[%c_effect h2;square;h2;type;GreatFind;persistent;true]} 28...Bxe4+ 29.Rxe4 $6 {[%c_effect e4;square;e4;type;Inaccuracy;persistent;true]} ( 29.f3 $1 {[%c_effect f3;square;f3;type;GreatFind;persistent;true] is the best move, but it's not easy to evaluate its consequences in a rapid game.} 29...Bxf3+ 30.Nxf3 Nf4+ 31.Kf2 Nh3+ 32.Ke2 Qxg3 33.Qe3 $1 {[%c_effect e3;square;e3;type;GreatFind;persistent;true]} 33...Nf4+ 34.Kd2 {The computer claims a good advantage for White here, but I must admit I'd be scared to play this position with either color.} ) 29...Qxe4+ 30.Kxh3 Qxd4 31.Qxg5 {After all the fireworks, White ends up in an endgame with an extra pawn, but the position is close to equality because it's not easy to defend the b2-pawn.} 31...Nc5 32.Ng4 Ne6 ( 32...Qxb2 $2 {[%c_effect b2;square;b2;type;Mistake;persistent;true]} 33.Nh6+ Kf8 $2 {[%c_effect f8;square;f8;type;Mistake;persistent;true]} 34.Qd8# ) 33.Qf5 Qd1 $2 {[%c_effect d1;square;d1;type;Mistake;persistent;true] Now White manages to stabilize the queenside.} ( 33...Qc5 $1 {[%c_effect c5;square;c5;type;GreatFind;persistent;true] is the righ way to reach a draw.} 34.Qxc5 Nxc5 {The b2-pawn cannot be defended.} ) 34.Bc4 Qh1+ 35.Nh2 Qc6 36.b3 {White has a winning advantage now.} 36...Nd8 37.Bd5 Qd6 38.Ng4 Kf8 39.Kg2 Bd4 40.Qe4 Qc5 41.Qf3 Ke7 42.Bc4 Qc6 43.Bd5 ( 43.Qxc6 {is the simplest way to win.} 43...Nxc6 44.Nh6 f6 45.Nf5+ Kd7 46.Nxd4 Nxd4 47.g4 {Followed by the advance of the kingside pawns.} ) 43...Qc5 44.Nh6 Bxf2 $1 {[%c_effect f2;square;f2;type;GreatFind;persistent;true] A good chance.} 45.Nxf7 Bd4 ( 45...Nxf7 46.Qxf7+ Kd6 {White is winning in this endgame with accurate play, but there's always some hope when there's little time left on the clock.} ) 46.Qe4+ Kd7 47.Qf5+ ( 47.Ne5+ $1 {[%c_effect e5;square;e5;type;GreatFind;persistent;true]} 47...Kc7 48.Nd3 Qc2+ 49.Kh3 {with a winning position.} ) 47...Ke7 ( 47...Kc7 $1 {[%c_effect c7;square;c7;type;GreatFind;persistent;true]} ) 48.Qe4+ Kd7 49.Qg4+ Ke7 $2 {[%c_effect e7;square;e7;type;Mistake;persistent;true]} ( 49...Kc7 $1 {[%c_effect c7;square;c7;type;GreatFind;persistent;true] The king should go to the queenside.} ) 50.Qh4+ Bf6 51.Qe4+ Kd7 ( 51...Kf8 52.Nxd8 Bxd8 53.Qf5+ Kg7 54.Qf7+ Kh6 55.Be4 {Mate is unavoidable.} ) 52.Qf5+ Ke7 $2 {[%c_effect e7;square;e7;type;Mistake;persistent;true]} ( 52...Kc7 53.Qf4+ Kd7 54.Ne5+ Ke7 55.Qe4 {White sholdn't have problems converting the advantage.} ) 53.Nxd8 1-0